00520nam a2200157Ia 450000500170000000800410001704100080005808200160006610000330008224500280011526000380014330000090018165000220019099900190021295201310023120250729165739.0250729s2014 xx 000 0 und d aeng a372.25 MUJE aMujibu Hasan Siddiui9232005 aEducational Evaluvation aNew DelhibA P H PUBLISHINGc2014 a298p aEducation9232006 c239566d239566 00104070aALbALd2025-07-29eManagement Bookg200.00l0o372.25 MUJEpBED04885r2025-07-29 16:57:39v200.00w2025-07-29yBK